01048nam a2200277Ia 450000500170000000800270001702000180004408200160006210000210007824502120009925000170031130000260032850000480035465000300040265000370043265000430046970000310051270000470054394200120059026400300060233600270063233700330065933800280069204000350072099900150075520220317000401.0141031s9999 ck 000 0 spa d a978847584848804a781.4bC65q1 aConable, Barbara13aLo que todo músico tiene que saber sobre el cuerpobaplicación práctica del mapa corporal para hacer música cBarbara Conable ; dibujos de Benjamín Conable ; traducción de Marta Pérez Sánchez a1a edición a103 páginasc23 cm. aContiene datos biográficos de los autores142LEMBaTécnica alexander142LEMBaMúsicosxSalud e higiene142LEMBaMúsicaxAspectos sicologícos1 aConable, Benjamín9155581 aPérez Sánchez, Martaetraductor915559 2ddccBK aBarcelona bLaertesc2011 atextobtxt2rdacontent asin mediaciónbn2rdamedia avolumenbnc2rdacarrier aCO-BoRNBPbspaerdacCO-BoRNBP c3888d3888